Carta de amor (Record no. 66404)
[ view plain ]
| 000 -LEADER | |
|---|---|
| campo de control de longitud fija | 00910nam a2200253 i 4500 |
| 001 - NÚMERO DE CONTROL | |
| campo de control | 66404 |
| 003 - IDENTIFICADOR DE NÚMERO DE CONTROL | |
| campo de control | ES-MaACL |
| 005 - FECHA Y HORA DE LA ÚLTIMA TRANSACCIÓN | |
| campo de control | 20260118063015.0 |
| 007 - CAMPO FIJO DE DESCRIPCIÓN FÍSICA--INFORMACIÓN GENERAL | |
| campo de control de longitud fija | t| |
| 008 - DATOS DE LONGITUD FIJA--INFORMACIÓN GENERAL | |
| campo de control de longitud fija | 040213s2002 sp ||||1| spa d |
| 020 ## - NÚMERO INTERNACIONAL ESTÁNDAR DEL LIBRO | |
| Número Internacional Estándar del Libro | 84-8138-497-6 |
| 100 1# - ENTRADA PRINCIPAL--NOMBRE DE PERSONA | |
| Nombre de persona | Arrabal, Fernando, |
| Fechas asociadas al nombre | 1932- |
| 9 (RLIN) | 23204 |
| 245 10 - MENCIÓN DEL TÍTULO | |
| Título | Carta de amor |
| Resto del título | : ("como un suplicio chino") / |
| Mención de responsabilidad, etc. | Fernando Arrabal ; introducción de Ángel Berenguer. |
| 260 ## - PUBLICACIÓN, DISTRIBUCIÓN, ETC. | |
| Lugar de publicación, distribución, etc. | [Alcalá de Henares] : |
| Nombre del editor, distribuidor, etc. | Servicio de Publicaciones de la Universidad de Alcalá, |
| Fecha de publicación, distribución, etc. | D.L. 2002. |
| 300 ## - DESCRIPCIÓN FÍSICA | |
| Extensión | 51 p. ; |
| Dimensiones | 18 cm. |
| 490 1# - MENCIÓN DE SERIE | |
| Mención de serie | Revista Teatro. Colección Textos/Teatro ; |
| Designación de volumen o secuencia | 6 |
| 500 ## - NOTA GENERAL | |
| Nota general | "Monólogo para una actriz"--anteport. |
| 500 ## - NOTA GENERAL | |
| Nota general | El título de la serie varía |
| 700 1# - ENTRADA AGREGADA--NOMBRE PERSONAL | |
| Nombre de persona | Berenguer, Ángel, |
| Fechas asociadas al nombre | 1943- |
| 9 (RLIN) | 27879 |
| 830 #0 - PUNTO DE ACCESO ADICIONAL DE SERIE-TÍTULO UNIFORME | |
| Título uniforme | Revista Teatro (Ateneo de Madrid) ; |
| 9 (RLIN) | 242694 |
| Designación de volumen o secuencia | 6 |
| 852 ## - LOCALIZACIÓN | |
| Ubicación | ES-MaACL |
| Número de control de estantería | L-26867 |
| Sublocalización o colección | R.132352 |
| 942 ## - ELEMENTOS DE ENTRADA SECUNDARIOS (KOHA) | |
| Fuente del sistema de clasificación o colocación | Clasificación decimal universal |
| Estatus retirado | Estado de pérdida | Estado de daño | No para préstamo | Biblioteca de origen | Biblioteca actual | Ubicación en estantería | Fecha de adquisición | Fuente de adquisición | Total de préstamos | Signatura topográfica completa | Código de barras | Visto por última vez | Fecha del último préstamo | Precio de reemplazo | Tipo de ítem Koha |
|---|---|---|---|---|---|---|---|---|---|---|---|---|---|---|---|
| Biblioteca del Ateneo de Madrid | Biblioteca del Ateneo de Madrid | Depósito 2 | 17/01/2008 | 1 | L-26867 | 1069566 | 22/01/2026 | 16/12/2025 | 23/02/2023 | Libro impreso |
